Animales Africanos - ¡Muerte Súbita! - Estadísticas

Estadísticas generales
  • Esta prueba ha sido intentada 90 veces
  • La puntuación promedio es 9 de 20
Answers on the Grid
Answers color-coded by a green-red scale on the quiz's grid according to % correct below.
Aardvark
Anaconda
Avestruz
Búfalo cafre
Caimaninae
Chimpancé
Coyote
Dragón de Komodo
Elefante
Emú
Guepardo
Hiena manchada
Hipopótamo
Jabalí
Jaguar
Jirafa
Koala
Lémur de cola anillada
Leopardo
Mandril
Mangosta
Ñu
Okapi
Orangután
Oso malayo
Oso polar
Panda rojo
Papio
Pingüino emperador
Piraña
Rinoceronte
Serval
Tapirus
Tragelaphus
Tucán
Ualabí
 
Estadísticas de respuestas
Respuesta % Correcto
Elefante
81%
Hipopótamo
70%
Avestruz
66%
Jirafa
66%
Hiena manchada
58%
Búfalo cafre
55%
Guepardo
51%
Leopardo
51%
Rinoceronte
51%
Chimpancé
49%
Ñu
49%
Lémur de cola anillada
42%
Mandril
42%
Okapi
30%
Mangosta
28%
Serval
28%
Jabalí
19%
Aardvark
15%
Papio
15%
Tragelaphus
9%
No se encontraron pruebas coincidentes
Distribución de puntuación
Porcentaje de gente con cada puntuación
Porcentaje por número respondido
Historial de tus puntuaciones
No has intentado esta prueba.